Catálogo
 En Linea

El rio Manzanares / (Registro nro. 31404)

Detalles MARC
000 -CABECERA
campo de control de longitud fija 00450nam a2200133 a 4500
001 - NÚMERO DE CONTROL
campo de control 000031913
005 - FECHA Y HORA DE LA ÚLTIMA TRANSACCIÓN
campo de control 20200930063258.0
008 - DATOS DE LONGITUD FIJA--INFORMACIÓN GENERAL
campo de control de longitud fija 110707s1986 sp 000 0 spa d
040 ## - FUENTE DE LA CATALOGACIÓN
Centro catalogador/agencia de origen DO-SdBNP
Lengua de catalogación spa
Centro/agencia transcriptor BNPHU
245 00 - MENCIÓN DE TÍTULO
Título El rio Manzanares /
Mención de responsabilidad, etc. María Luisa Bermudez Meneses.
260 ## - PUBLICACIÓN, DISTRIBUCIÓN, ETC.
Lugar de publicación, distribución, etc. Madrid, Espania :
Nombre del editor, distribuidor, etc. Consejería de Educación y Juventud,
Fecha de publicación, distribución, etc. 1986.
300 ## - DESCRIPCIÓN FÍSICA
Extensión 203 p. :
Otras características físicas il., gráf., mapas, planos ;
Dimensiones 22 cm.
504 ## - NOTA DE BIBLIOGRAFÍA, ETC.
Nota de bibliografía, etc. Bibliografía : p. 199-200
Existencias
Estado de retiro Estado de pérdida Restricciones de uso No para préstamo Código de colección Localización permanente Ubicación/localización actual Ubicación en estantería Fecha de adquisición Número de inventario Total de préstamos Signatura topográfica completa Código de barras Fecha visto por última vez Precio válido a partir de Tipo de ítem Koha
      Excluido de préstamo Monografías: Libros y Folletos General General En catalogación 07.07.2011 LF1   31913-10 25.06.2020 25.06.2020 No se presta

Con tecnología Koha